Statistics for Biggest U.S. Cities Without a Sports Team

Click here to take the quiz!

General Stats

  • This quiz has been taken 202 times
  • The average score is 12 of 17

Answer Stats

PopulationStateCity% Correct
947,890TexasAustin
93%
351,792HawaiiHonolulu
89%
683,080TexasEl Paso
85%
559,277New MexicoAlbuquerque
83%
616,261KentuckyLouisville
83%
446,970NebraskaOmaha
78%
854,113TexasFort Worth
76%
530,706ArizonaTucson
76%
465,101ColoradoColorado Springs
75%
403,090OklahomaTulsa
71%
452,602VirginiaVirginia Beach
71%
389,902KansasWichita
63%
522,053CaliforniaFresno
58%
484,587ArizonaMesa
56%
470,130CaliforniaLong Beach
48%
376,380CaliforniaBakersfield
47%
361,710ColoradoAurora
44%

Score Distribution

Percentile by Number Answered

Percent of People with Each Score

Your Score History

You have not taken this quiz